000 00894cam a2200241 4500500
005 20260111080412.0
041 _afre
042 _adc
100 1 0 _aWolf, Marc
_eauthor
700 1 0 _aWolf, Olivier
_eauthor
245 0 0 _aLa suppression de la TH : point d’arrivée ou nouveau départ de la décentralisation ?
260 _c2020.
500 _a58
690 _aautonomie fiscale
690 _afiscalité locale
690 _aréforme de la fiscalité locale
690 _arelations entre l’État et les collectivités territoriales
690 _ataxe d’enlèvement des ordures ménagères
690 _ataxe d’habitation
690 _ataxe foncière
786 0 _nGestion & Finances Publiques | 2 | 2 | 2020-04-29 | p. 85-93 | 1969-1009
856 4 1 _uhttps://droit.cairn.info/revue-gestion-et-finances-publiques-2020-2-page-85?lang=fr&redirect-ssocas=7080
999 _c1616266
_d1616266